All Sonic And Sega All Stars racing, transformed And crossworlds carac - Statistics

General Stats
  • This quiz has been taken 9 times
    7 since last reset
  • The average score is 41 of 61
Answer Stats
Hint Answer % Correct
Avatar Aang
100%
Super Monkey Ball Ai ai
100%
Minecraft Alex
100%
alex kidd in miracle world Alex kidd
100%
Samba de amigo Amigo
100%
Xbox 360 Avatar
100%
Banjo-kazooie Banjo-kazooie
100%
Crazy taxi B.D. joe
100%
Jet set radio Beat
100%
Billy hatcher And The giant egg Billy hatcher
100%
Sonic And All Stars racing transformed Danica patrick
100%
Teenege mutant ninja turtles Donatello
100%
Hatsune miku Hatsune miku
100%
Persona 4 Joker
100%
Teenege mutant ninja turtles Leonardo
100%
Mega man Mega man
100%
Wii Mii
100%
Nights Into dreams Nights
100%
Pac Man Pac Man
100%
Spongebob squarepants Patrick
100%
Mega man Proto man
100%
Wreck-It Ralph Ralph
100%
Spongebob squarepants Spongebob
100%
Minecraft Steve
100%
Space Channel 5 Ulala
100%
Sega AGES
75%
Virtua fighter Akira
75%
Minecraft Creeper
75%
Football manager Football manager
75%
Pac Man Ghosts
75%
Jet set radio Gum
75%
Team Fortress 2 Heavy
75%
Yakuza like a dragon Ichiban
75%
Teenege mutant ninja turtles Michelangelo
75%
Teenege mutant ninja turtles Raphael
75%
Nights Into dreams Reala
75%
Angry Birds Red
75%
Puyo puro Arle
50%
Company Of heroes 2 General winter
50%
Virtua fighter Jacky
50%
Shinobi Joe musashi
50%
Super Monkey Ball Mee mee
50%
Fantasy zone Opa Opa
50%
Space Channel 5 Pudding
50%
Shenmue Ryo hazuki
50%
The house Of The dead Zobiko
50%
Like a dragon pirate Yakuza in Hawaii Captain Majima
25%
Chu Chu rocket Chubei
25%
Chu Chu rocket Chui
25%
Chu Chu rocket Chupea
25%
Golden axe Gilius Thunderhead
25%
Bonanza bros Mobo
25%
Team Fortress 2 Pyro
25%
Bonanza bros Robo
25%
Team Fortress 2 Spy
25%
Akira Of Arcadia Vyse
25%
Rome 2 total war Willemus
25%
Chu Chu rocket Chubeach
0%
Total war shogun 2 Shogun
0%
YouTube Channel Yougscast
0%
The house Of The dead Zobo
0%
No matching quizzes found
Score Distribution
Percent of People with Each Score
Percentile by Number Answered
Your Score History
You have not taken this quiz since the last reset